000 00857nab a2200253 u 4500
001 13094
003 HDC
007 cr bn ---aaaaa
008 210212c my dr|nes 0 may d
040 _aHDC
100 _aNizam Bakeri,
_eauthor
_913920
245 0 _aRestoran stik perjelas isu sijil halal, mohon maaf pada JAKIM /
_cby Nizam Bakeri
260 _a[no place] :
_b[publisher not identified],
_c[no year]
336 _atext
_2rdacontent
337 _acomputer
_2rdamedia
338 _aonline resource
_2rdacarrier
650 _aHalal certificate
_9482
650 _aRestaurant
_99782
710 _aAstro Awani
856 _zRequest full-text at [email protected]
942 _2lcc
942 _cNEWS
942 _kNWSO 002795
999 _c10410
_d10410